<?xml version="1.0" encoding="UTF-8"?><?xml-stylesheet type="text/xsl" href="static/style.xsl"?><OAI-PMH xmlns="http://www.openarchives.org/OAI/2.0/" xmlns:xsi="http://www.w3.org/2001/XMLSchema-instance" xsi:schemaLocation="http://www.openarchives.org/OAI/2.0/ http://www.openarchives.org/OAI/2.0/OAI-PMH.xsd"><responseDate>2026-04-28T19:19:12Z</responseDate><request verb="GetRecord" identifier="oai:uvadoc.uva.es:10324/49355" metadataPrefix="marc">https://uvadoc.uva.es/oai/request</request><GetRecord><record><header><identifier>oai:uvadoc.uva.es:10324/49355</identifier><datestamp>2021-11-23T08:15:11Z</datestamp><setSpec>com_10324_1140</setSpec><setSpec>com_10324_931</setSpec><setSpec>com_10324_894</setSpec><setSpec>col_10324_1234</setSpec></header><metadata><record xmlns="http://www.loc.gov/MARC21/slim" xmlns:doc="http://www.lyncode.com/xoai" xmlns:xsi="http://www.w3.org/2001/XMLSchema-instance" xmlns:dcterms="http://purl.org/dc/terms/" xsi:schemaLocation="http://www.loc.gov/MARC21/slim http://www.loc.gov/standards/marcxml/schema/MARC21slim.xsd">
<leader>00925njm 22002777a 4500</leader>
<datafield tag="042" ind1=" " ind2=" ">
<subfield code="a">dc</subfield>
</datafield>
<datafield tag="720" ind1=" " ind2=" ">
<subfield code="a">Szászdi León-Borja, István</subfield>
<subfield code="e">author</subfield>
</datafield>
<datafield tag="260" ind1=" " ind2=" ">
<subfield code="c">1999</subfield>
</datafield>
<datafield tag="520" ind1=" " ind2=" ">
<subfield code="a">Hasta el día de hoy la Armada de Vizcaya ha sido objeto de una monografía que marcó un hito. En ella se explica cómo, a consecuencia de las noticias obtenidas por el Rey de Portugal y sus oficiales, desde que Colón llegó de las Yndias a Lisboa, como en su visita al Valle del Paraíso, el Consejo decidió armar una flota al mando de don Francisco de Almeida, el futuro primer Virrey de la India, el 7 de abril de 1493. En Castilla se creyó que el destino de aquélla iban a ser las islas descubiertas por Cristóbal Colón, si bien don Joáo dio seguridades en contra de dicho rumor. Los Reyes de Castilla, como medida de prudencia, ordenarían el apresto de una Armada en Vizcaya. Según Pérez de Tudela, ésta se organizó entre mayo y junio, y el 20 de junio se expidieron los poderes de Capitán General a Yñigo de Artieta. [Texto extraído del artículo de István Szászdi León-Borja].</subfield>
</datafield>
<datafield tag="024" ind2=" " ind1="8">
<subfield code="a">Historia. Instituciones. Documentos, 1999, nº 26, p. 547-574</subfield>
</datafield>
<datafield tag="024" ind2=" " ind1="8">
<subfield code="a">0210-7716</subfield>
</datafield>
<datafield tag="024" ind2=" " ind1="8">
<subfield code="a">https://uvadoc.uva.es/handle/10324/49355</subfield>
</datafield>
<datafield tag="024" ind2=" " ind1="8">
<subfield code="a">547</subfield>
</datafield>
<datafield tag="024" ind2=" " ind1="8">
<subfield code="a">26</subfield>
</datafield>
<datafield tag="024" ind2=" " ind1="8">
<subfield code="a">574</subfield>
</datafield>
<datafield tag="024" ind2=" " ind1="8">
<subfield code="a">Historia. Instituciones. Documentos</subfield>
</datafield>
<datafield ind1=" " ind2=" " tag="653">
<subfield code="a">España. Armada - Historia</subfield>
</datafield>
<datafield ind1=" " ind2=" " tag="653">
<subfield code="a">Marinas de guerra - España</subfield>
</datafield>
<datafield ind1=" " ind2=" " tag="653">
<subfield code="a">Vizcaya (España) - Historia</subfield>
</datafield>
<datafield ind1=" " ind2=" " tag="653">
<subfield code="a">España - Relaciones exteriores - Tratados</subfield>
</datafield>
<datafield tag="245" ind1="0" ind2="0">
<subfield code="a">El origen de la armada de Vizcaya y el Tratado de las Alcàçovas</subfield>
</datafield>
</record></metadata></record></GetRecord></OAI-PMH>